000 00353nam a2200145 i 4500
001 bg
245 0 _aEksperymentalna chemia fizyczna /
_cLucjan Sobczyk [et al.].
260 _aWarszawa,
_c1982.
700 1 _aSobczyk, Lucjan.
040 _cBPK
041 _apol
080 _a541.1(075.8)
942 _cKS
008 s pl f |000 0 pol
999 _c20472
_d20472
856 _uhttp://koha.tu.koszalin.pl/cgi-bin/koha/opac-detail.pl?biblionumber=20472
_yKatalog online BPK